Statistiques concernant Choisissez le bon pays.

Cliquez ici pour prendre le quiz!

Statistiques générales

  • Ce quiz a été pris 299 fois
  • Le résultat moyen est 6 sur 10

Statistiques - réponses

QuestionRéponse% Correct
Pays européen
95%
Pays n'ayant qu'un seul pays frontalier
81%
Pays situé dans l'Himalaya
80%
Pays le plus peuplé
74%
Pays enclavé
73%
Pays n'ayant aucune frontière terrestre
59%
Pays le plus proche du précédent
50%
Pays méditerranéen
47%
Pays le plus au sud
42%
Pays le plus petit
18%

Distribution des résultats

Percentile par nombre de réponses

% des personnes avec chaque résultat

Votre développement - résultats

Vous n’avez pas pris ce quiz